[Event "8th Sunway Sitges 2021"]
[Site "Sitges ESP"]
[Date "2021.12.15"]
[Round "3.40"]
[White "Nurgaliyev, Sauat"]
[Black "Moksh, Amit Doshi"]
[Result "0-1"]
[WhiteTitle "CM"]
[BlackTitle "IM"]
[WhiteElo "2102"]
[BlackElo "2368"]
[WhiteFideId "13726285"]
[BlackFideId "25064967"]
[EventDate "2021.12.13"]

1. e4 c5 2. Nf3 d6 3. d4 cxd4 4. Nxd4 Nf6 5. Nc3 a6 6. f3 e5 7. Nb3 Be6 8. Be3
h5 9. Qd2 Nbd7 10. Nd5 Bxd5 11. exd5 g6 12. O-O-O Nb6 13. Bxb6 Qxb6 14. Kb1 Bh6
15. Qa5 Qxa5 16. Nxa5 O-O-O 17. Rd3 Rd7 18. g3 e4 19. Rc3+ Kb8 20. Rb3 Ka7 21.
Bg2 Nxd5 22. fxe4 Ne3 23. Bh3 Rc7 24. Rd3 Re8 25. Rxd6 Rxe4 26. c3 Re5 27. Nb3
Nc4 28. Rd7 Rxd7 29. Bxd7 Re2 30. Ka1 Nxb2 31. Nd4 Rf2 32. Kb1 Nc4 33. Bc8 Nd6
34. Bd7 Bd2 35. Kb2 Ne4 36. Ka3 Bxc3 37. Bc6 Nd6 38. Bxb7 Bxd4 39. Bd5 Nb5+ 0-1

[Event "8th Sunway Sitges 2021"]
[Site "Sitges ESP"]
[Date "2021.12.15"]
[Round "3.41"]
[White "Dahale, Atul"]
[Black "Aulia, Medina Warda"]
[Result "1/2-1/2"]
[BlackTitle "IM"]
[WhiteElo "2037"]
[BlackElo "2367"]
[WhiteFideId "5037794"]
[BlackFideId "7101570"]
[EventDate "2021.12.13"]

1. d4 e6 2. c4 Nf6 3. Nc3 d5 4. cxd5 exd5 5. Bg5 Be7 6. Qc2 c6 7. e3 h6 8. Bh4
O-O 9. Bd3 Re8 10. Nge2 b5 11. O-O a5 12. f3 Na6 13. a3 Nc7 14. Bg3 Ne6 15. Rad1
Bd7 16. h3 b4 17. Nb1 c5 18. dxc5 Bxc5 19. Bf2 Qb6 20. Qd2 Re7 21. Nd4 Nxd4 22.
exd4 Bd6 23. Rde1 Rxe1 24. Rxe1 Nh5 25. Qc2 Nf4 26. Bf1 g6 27. axb4 axb4 28. Nd2
Kg7 29. Nb3 Ba4 30. g3 Ne6 31. Qd3 Rd8 32. Nd2 Rc8 33. f4 Bc2 34. Qe3 h5 35. h4
Re8 36. Qf3 Rd8 37. Qe3 Nc7 38. Nf3 b3 39. Bh3 Bb4 40. Ra1 Re8 41. Qc1 Nb5 42.
f5 Qf6 43. Be3 Bxf5 44. Bh6+ Kg8 45. Bg5 Qe6 46. Bf1 Qb6 47. Qf4 Bd6 48. Qd2
Nxd4 49. Nxd4 Bc5 50. Ra4 Bd7 51. Ra6 Bxd4+ 52. Kh1 Qc5 53. Ra5 Qb6 54. Ra6 Qc5
55. Ra5 1/2-1/2

[Event "8th Sunway Sitges 2021"]
[Site "Sitges ESP"]
[Date "2021.12.15"]
[Round "3.42"]
[White "Niharika, Ch"]
[Black "Manu, David Suthandram R"]
[Result "0-1"]
[BlackTitle "FM"]
[WhiteElo "1935"]
[BlackElo "2360"]
[WhiteFideId "35051270"]
[BlackFideId "35019562"]
[EventDate "2021.12.13"]

1. e4 c5 2. Nf3 Nc6 3. d4 cxd4 4. Nxd4 e5 5. Nb5 d6 6. N1c3 a6 7. Na3 Be6 8. Nc4
b5 9. Ne3 Nf6 10. Ned5 Be7 11. Be3 O-O 12. Nxf6+ Bxf6 13. Nd5 Bg5 14. Bb6 Qb8
15. h4 Bh6 16. Be3 Bxd5 17. exd5 Bxe3 18. fxe3 Ne7 19. Qd2 Qb7 20. O-O-O f5 21.
Kb1 Rac8 22. g4 fxg4 23. Qb4 Nf5 24. Bd3 e4 25. Qxe4 Rce8 26. Qxg4 Nxe3 27. Qh5
g6 28. Rdg1 Re5 29. Qh6 Qg7 30. Qxg7+ Kxg7 31. h5 g5 32. h6+ Kh8 33. Rh5 Rg8 34.
Rh3 Nxd5 35. c4 Nf4 36. Rf3 b4 37. Bc2 Rc8 38. a3 a5 39. axb4 axb4 40. Rb3 Rb8
41. Rd1 Re6 42. Rg3 Rg8 43. c5 d5 44. Bb3 Rxh6 45. Bxd5 Nxd5 46. Rxd5 g4 47. Rd4
b3 48. Kc1 Rhg6 49. Rxb3 g3 50. Rd1 g2 51. Rg1 Rf6 52. Rd3 h5 53. Kc2 Rf1 0-1

[Event "8th Sunway Sitges 2021"]
[Site "Sitges ESP"]
[Date "2021.12.15"]
[Round "3.43"]
[White "Cornette, Matthieu"]
[Black "Minko, Dmitry"]
[Result "0-1"]
[WhiteTitle "GM"]
[BlackTitle "CM"]
[WhiteElo "2583"]
[BlackElo "2207"]
[WhiteFideId "620084"]
[BlackFideId "24188468"]
[EventDate "2021.12.13"]

1. e4 e5 2. Nf3 Nc6 3. d4 exd4 4. Nxd4 Nf6 5. Nxc6 bxc6 6. e5 Qe7 7. Qe2 Nd5 8.
h4 a5 9. g3 Ba6 10. c4 f5 11. Bg2 Nb6 12. b3 Qe6 13. O-O d5 14. Bb2 Bc5 15. Rc1
dxc4 16. Qf3 O-O 17. Qxc6 Qe7 18. Nd2 Rad8 19. Nf3 f4 20. g4 Bc8 21. g5 Be6 22.
bxc4 Bg4 23. Bc3 Rd3 24. Qe4 Bf5 25. Qe2 a4 26. Rc2 Rfd8 27. Re1 Qe6 28. Ba1 Bh3
29. Bh1 Qg4+ 30. Kh2 Re3 31. Rd2 Rxe2 32. Rxd8+ Kf7 33. Rxe2 Bxf2 34. e6+ Ke7
35. Bf6+ gxf6 36. gxf6+ Kxf6 37. Rg8 Bg3+ 38. Kg1 Qxg8 39. Ng5 Bxe6 0-1

[Event "8th Sunway Sitges 2021"]
[Site "Sitges ESP"]
[Date "2021.12.15"]
[Round "3.44"]
[White "Fier, Alexandr"]
[Black "Alcala Gonzalez, Cesar"]
[Result "1-0"]
[WhiteTitle "GM"]
[WhiteElo "2572"]
[BlackElo "2198"]
[WhiteFideId "2107139"]
[BlackFideId "24584878"]
[EventDate "2021.12.13"]

1. e4 c6 2. d4 d5 3. f3 e6 4. Nc3 Bb4 5. e5 c5 6. a3 cxd4 7. axb4 dxc3 8. bxc3
Nc6 9. f4 Nh6 10. Nf3 O-O 11. Bd3 f5 12. b5 Na5 13. O-O Bd7 14. Qe2 Qc7 15. Kh1
Rfc8 16. h3 Nc4 17. Nd4 Qd8 18. Bd2 a5 19. bxa6 bxa6 20. Be1 g6 21. g4 fxg4 22.
hxg4 Qe7 23. Rg1 Nb2 24. Bxa6 Rf8 25. Qh2 Nf7 26. Bg3 Qc5 27. Qd2 Nc4 28. Qe2
Rfe8 29. Kh2 Rf8 30. f5 Ng5 31. Bxc4 Qxc4 32. Qxc4 dxc4 33. Bh4 Ne4 34. fxe6 Bc8
35. Bf6 Re8 36. Rxa8 Nc5 37. Nc6 Kf8 38. e7+ Kg8 39. Rxc8 Rxc8 40. Nd8 1-0

[Event "8th Sunway Sitges 2021"]
[Site "Sitges ESP"]
[Date "2021.12.15"]
[Round "3.45"]
[White "Iniyan, P"]
[Black "Abbasov, Amil1"]
[Result "1-0"]
[WhiteTitle "GM"]
[WhiteElo "2555"]
[BlackElo "2184"]
[WhiteFideId "25002767"]
[BlackFideId "13402277"]
[EventDate "2021.12.13"]

1. d4 Nf6 2. c4 e6 3. Nc3 d5 4. Bg5 Be7 5. e3 O-O 6. Nf3 Nbd7 7. Rc1 c6 8. Bd3
Re8 9. O-O dxc4 10. Bxc4 Nd5 11. Bxe7 Qxe7 12. Ne4 N5f6 13. Ng3 c5 14. e4 cxd4
15. e5 Nd5 16. Bxd5 exd5 17. Qd2 Nb6 18. Rfe1 Nc4 19. Qxd4 Be6 20. Nh5 Rec8 21.
b3 Nb6 22. Ra1 Nd7 23. h3 Nc5 24. Ng3 Na6 25. Qd2 Qb4 26. Rad1 Qxd2 27. Rxd2 Nb4
28. Nd4 a6 29. f4 g6 30. f5 gxf5 31. Ngxf5 Bxf5 32. Nxf5 Rc2 33. Rd4 Nc6 34.
Rg4+ Kh8 35. Nd6 Rf8 36. Rf4 Kg8 37. Re3 Ne7 38. Rg3+ Ng6 39. h4 Kh8 40. Nxf7+
Kg7 41. e6 Re2 42. h5 Rxe6 43. hxg6 hxg6 44. Ng5 Re1+ 45. Kf2 Rxf4+ 46. Kxe1 Kf6
47. Nf3 a5 48. Kd2 a4 49. Kd3 Rb4 50. Nd4 Rb6 51. Re3 Ra6 52. b4 Kg5 53. Re5+
Kf4 54. Rxd5 Kg3 55. Rg5+ Kf4 56. Rb5 1-0

[Event "8th Sunway Sitges 2021"]
[Site "Sitges ESP"]
[Date "2021.12.15"]
[Round "3.46"]
[White "Carbonell Sancho, Marc"]
[Black "Arjun, Kalyan"]
[Result "0-1"]
[WhiteTitle "FM"]
[BlackTitle "GM"]
[WhiteElo "2207"]
[BlackElo "2537"]
[WhiteFideId "32029969"]
[BlackFideId "35018701"]
[EventDate "2021.12.13"]

1. e4 c5 2. Nf3 d6 3. d4 cxd4 4. Nxd4 Nf6 5. Nc3 a6 6. Bc4 e6 7. Bb3 Nbd7 8. Bg5
Nc5 9. O-O Be7 10. Re1 Qc7 11. f4 b5 12. e5 dxe5 13. fxe5 Ng8 14. Qg4 Bb7 15.
Rad1 h5 16. Qf4 Bxg5 17. Qxg5 Ne7 18. Kh1 O-O-O 19. Ndxb5 axb5 20. Nxb5 Ne4 21.
Qf4 Qc5 22. Nd6+ Rxd6 0-1

[Event "8th Sunway Sitges 2021"]
[Site "Sitges ESP"]
[Date "2021.12.15"]
[Round "3.47"]
[White "Narciso Dublan, Marc"]
[Black "Priyanka, Nutakki"]
[Result "1/2-1/2"]
[WhiteTitle "GM"]
[BlackTitle "WIM"]
[WhiteElo "2519"]
[BlackElo "2187"]
[WhiteFideId "2201500"]
[BlackFideId "25049615"]
[EventDate "2021.12.13"]

1. e4 e6 2. d4 d5 3. e5 c5 4. c3 Qb6 5. Nf3 Bd7 6. Bd3 Bb5 7. dxc5 Bxc5 8. O-O
Bxd3 9. Qxd3 a5 10. Nbd2 Qa6 11. c4 Nc6 12. b3 Rd8 13. Bb2 Nge7 14. Rac1 Nf5 15.
Rfd1 Nb4 16. Qb1 Qa7 17. a3 Bxf2+ 18. Kh1 Nc6 19. cxd5 Rxd5 20. Ne4 Rxd1+ 21.
Rxd1 O-O 22. Rd7 h6 23. Qd3 Nb8 24. Rd8 Rxd8 25. Qxd8+ Kh7 26. Qd3 Kh8 27. Qd8+
Kh7 28. Qd3 Kh8 29. Nd6 Kg8 30. Nxf5 exf5 31. Qxf5 Qc5 32. h4 b6 33. Kh2 Na6 34.
Qd7 Nc7 35. Qd8+ Kh7 36. Qd3+ Kg8 37. Qd8+ Kh7 38. Qd3+ Kg8 39. b4 axb4 40. axb4
Qe7 41. g3 b5 42. Bc3 Bb6 43. Nd2 Qe6 44. Ne4 Qd5 45. Qe2 Bd4 46. Bxd4 Qxd4 47.
Nd6 Qd5 48. Qc2 Qxe5 49. Qxc7 Qe2+ 50. Kh3 Qe6+ 51. Kg2 Qe2+ 52. Kh3 Qe6+ 1/2-1/2

[Event "8th Sunway Sitges 2021"]
[Site "Sitges ESP"]
[Date "2021.12.15"]
[Round "3.48"]
[White "Rajarishi, Karthi"]
[Black "Bharath, Subramaniyam H"]
[Result "0-1"]
[WhiteTitle "CM"]
[BlackTitle "IM"]
[WhiteElo "2207"]
[BlackElo "2479"]
[WhiteFideId "5092523"]
[BlackFideId "46634827"]
[EventDate "2021.12.13"]

1. d4 Nf6 2. c4 e6 3. Nc3 c5 4. d5 exd5 5. cxd5 d6 6. e4 g6 7. Bd3 Bg7 8. h3 O-O
9. a4 Re8 10. Nge2 c4 11. Bc2 Na6 12. O-O Nd7 13. Be3 Nb4 14. Bb1 Ne5 15. Bd4
Qh4 16. Nb5 Bxh3 17. gxh3 Qxh3 18. Ra3 Nbd3 19. Bxe5 Bxe5 20. f4 Bxb2 21. Rxd3
cxd3 22. Qxd3 Qg4+ 23. Kf2 Rad8 24. Nxa7 Rd7 25. Nb5 f5 26. Qf3 Qh4+ 27. Kg2
fxe4 28. Bxe4 Qf6 29. Ng3 h5 30. Bb1 Rg7 31. Ne4 Qe7 32. Nexd6 Rf8 33. Ne4 Qb4
34. d6 Qxa4 35. Qd3 Kh8 36. d7 Rd8 37. Nc5 Qb4 38. Qe2 Qxc5 39. Qxb2 Rxd7 40.
Be4 Qe3 0-1

[Event "8th Sunway Sitges 2021"]
[Site "Sitges ESP"]
[Date "2021.12.15"]
[Round "3.49"]
[White "Ojas, Kulkarni"]
[Black "Saduakassova, Dinara"]
[Result "1/2-1/2"]
[BlackTitle "IM"]
[WhiteElo "2206"]
[BlackElo "2477"]
[WhiteFideId "25040073"]
[BlackFideId "13700090"]
[EventDate "2021.12.13"]

1. e4 e5 2. f4 d5 3. exd5 e4 4. d3 Qxd5 5. Nc3 Bb4 6. Bd2 Bxc3 7. Bxc3 Ne7 8.
dxe4 Qxe4+ 9. Qe2 Qxf4 10. Bxg7 Rg8 11. g3 Bg4 12. Qb5+ c6 13. Qxb7 Qe4+ 14. Kd2
Qd5+ 15. Bd3 Qg5+ 16. Ke1 Qxg7 17. Ne2 Nd5 18. Qxa8 Qxb2 19. Kd2 Qb4+ 20. Kc1
Qa3+ 21. Kd2 Qb4+ 22. Kc1 Qa3+ 23. Kd2 Qb4+ 24. Kc1 1/2-1/2

[Event "8th Sunway Sitges 2021"]
[Site "Sitges ESP"]
[Date "2021.12.15"]
[Round "3.50"]
[White "Van Foreest, Machteld"]
[Black "Vrolijk, Liam"]
[Result "0-1"]
[BlackTitle "IM"]
[WhiteElo "2189"]
[BlackElo "2473"]
[WhiteFideId "1051563"]
[BlackFideId "1048333"]
[EventDate "2021.12.13"]

1. e4 e5 2. Nf3 Nc6 3. Bc4 Nf6 4. d3 Bc5 5. c3 d6 6. Bb3 a5 7. O-O O-O 8. Bg5 h6
9. Bh4 g5 10. Bg3 Ba7 11. Nbd2 Nh7 12. Nc4 h5 13. h4 Bg4 14. Ne3 gxh4 15. Nxg4
hxg3 16. Nh6+ Kh8 17. Nxf7+ Rxf7 18. Bxf7 Qf6 19. Bd5 Bxf2+ 20. Kh1 Ne7 21. Qd2
Nxd5 22. exd5 Rf8 23. Qe2 Qf5 24. Nh4 Qg4 25. Qe4 Rf4 26. Nf3 Rxf3 27. gxf3 g2+
28. Kh2 Qg3# 0-1

[Event "8th Sunway Sitges 2021"]
[Site "Sitges ESP"]
[Date "2021.12.15"]
[Round "3.51"]
[White "Nestorovic, Nikola"]
[Black "Jaferian, Koosha"]
[Result "1/2-1/2"]
[WhiteTitle "GM"]
[WhiteElo "2467"]
[BlackElo "2179"]
[WhiteFideId "934526"]
[BlackFideId "12507440"]
[EventDate "2021.12.13"]

1. e4 c6 2. d4 d5 3. e5 Bf5 4. h4 h5 5. c4 e6 6. Nc3 dxc4 7. Bxc4 Nd7 8. Nge2
Be7 9. g3 b5 10. Bb3 b4 11. Na4 Nh6 12. Bxh6 Rxh6 13. Nf4 c5 14. Nxh5 Kf8 15.
Nf4 g5 16. Ng2 gxh4 17. Bc2 Bxc2 18. Qxc2 cxd4 19. Qe4 Rh5 20. f4 h3 21. O-O-O
Rc8+ 22. Kb1 Qa5 23. b3 Nc5 24. Nxc5 Qxc5 25. Nh4 Bxh4 26. gxh4 Qc6 27. Qxc6
Rxc6 28. Rxh3 Rc3 29. Rh2 d3 30. Rh3 a5 31. Rd2 1/2-1/2

[Event "8th Sunway Sitges 2021"]
[Site "Sitges ESP"]
[Date "2021.12.15"]
[Round "3.52"]
[White "De Santis, Alessio"]
[Black "Stoyanov, Tsvetan"]
[Result "0-1"]
[WhiteTitle "FM"]
[BlackTitle "FM"]
[WhiteElo "2186"]
[BlackElo "2424"]
[WhiteFideId "803405"]
[BlackFideId "2917173"]
[EventDate "2021.12.13"]

1. Nf3 Nf6 2. c4 e6 3. Nc3 d5 4. e3 Nbd7 5. b3 c6 6. Qc2 Bd6 7. Bb2 Qe7 8. Be2
dxc4 9. bxc4 e5 10. d4 O-O 11. O-O Re8 12. c5 Bc7 13. Bc4 h6 14. g3 b6 15. cxb6
Nxb6 16. Bb3 exd4 17. Nxd4 c5 18. Nf5 Bxf5 19. Qxf5 c4 20. Bc2 Be5 21. Ne4 Bxb2
22. Nxf6+ Qxf6 23. Qh7+ Kf8 24. Rad1 Rad8 25. a4 Nd5 26. f4 Nxe3 27. Rde1 Bd4
28. Rf2 g6 29. Qxh6+ Kg8 0-1

[Event "8th Sunway Sitges 2021"]
[Site "Sitges ESP"]
[Date "2021.12.15"]
[Round "3.53"]
[White "Molina, Roberto Junio Brito"]
[Black "Federzoni, Enzo"]
[Result "1-0"]
[WhiteTitle "IM"]
[WhiteElo "2420"]
[BlackElo "2177"]
[WhiteFideId "2109450"]
[BlackFideId "2173301"]
[EventDate "2021.12.13"]

1. d4 Nf6 2. c4 g6 3. Nc3 d5 4. Nf3 Bg7 5. Qb3 dxc4 6. Qxc4 O-O 7. e4 a6 8. Be2
b5 9. Qb3 c5 10. dxc5 Be6 11. Qc2 Nbd7 12. Be3 Rc8 13. Rd1 Qa5 14. a3 b4 15.
axb4 Qxb4 16. Nd4 Nxc5 17. O-O Ng4 18. Bxg4 Bxg4 19. f3 Be6 20. Nd5 Bxd5 21.
exd5 Bxd4 22. Rxd4 Qb7 23. Rfd1 Nb3 24. Rc4 Rxc4 25. Qxc4 Rc8 26. Qe4 Nc5 27.
Qe5 f6 28. Qd4 Nd7 29. Qg4 Nf8 30. b4 Rc2 31. Bc5 Qb5 32. Qe4 Re2 33. Qd4 Qa4
34. Rd2 Qb5 35. h3 Re1+ 36. Kh2 Kg7 37. d6 e5 38. Qd5 Qd7 39. b5 axb5 40. Ra2
Qf5 41. Bf2 Rf1 42. Ra7+ Kh6 43. Be3+ g5 1-0

[Event "8th Sunway Sitges 2021"]
[Site "Sitges ESP"]
[Date "2021.12.15"]
[Round "3.54"]
[White "Savchenko, Daniel"]
[Black "Pantzar, Milton"]
[Result "0-1"]
[BlackTitle "IM"]
[WhiteElo "2181"]
[BlackElo "2420"]
[WhiteFideId "12919195"]
[BlackFideId "1721003"]
[EventDate "2021.12.13"]

1. e4 e5 2. Nf3 Nc6 3. Bb5 a6 4. Ba4 Nf6 5. d3 Bc5 6. c3 d6 7. Nbd2 b5 8. Bb3
O-O 9. Nf1 h6 10. Ng3 Bb6 11. O-O Ne7 12. Nh4 c5 13. Kh1 d5 14. Nh5 Nxh5 15.
Qxh5 c4 16. Bc2 f5 17. dxc4 dxe4 18. Bxh6 Qe8 19. Qxe8 Rxe8 20. Bg5 Be6 21. cxb5
axb5 22. Kg1 Kf7 23. Rfd1 Red8 24. Bb3 Rxd1+ 25. Rxd1 Bc5 26. g4 f4 27. Bxe6+
Kxe6 28. a3 Nd5 29. Kf1 Be7 30. Bxe7 Nxe7 31. Ng2 g5 32. Ne1 Rh8 33. Kg1 Nd5 34.
f3 Ne3 35. Rd2 Nc4 36. Re2 e3 37. Nd3 Nd2 38. Kg2 e4 39. Nc5+ Kd5 40. Nxe4 Nxe4
41. fxe4+ Kxe4 42. Re1 f3+ 0-1

[Event "8th Sunway Sitges 2021"]
[Site "Sitges ESP"]
[Date "2021.12.15"]
[Round "3.55"]
[White "Fernandez Guillen, Ernesto J."]
[Black "Dhananjay, S"]
[Result "1-0"]
[WhiteTitle "IM"]
[WhiteElo "2411"]
[BlackElo "2174"]
[WhiteFideId "3512428"]
[BlackFideId "5092892"]
[EventDate "2021.12.13"]

1. e4 c5 2. Nf3 d6 3. d4 cxd4 4. Nxd4 Nf6 5. Nc3 a6 6. Bc4 e6 7. Bb3 Be7 8. Be3
b5 9. f3 Qc7 10. g4 b4 11. Nce2 O-O 12. g5 Nfd7 13. h4 Nc5 14. h5 d5 15. e5 a5
16. c3 bxc3 17. bxc3 Nbd7 18. f4 Nxb3 19. axb3 Nc5 20. Nb5 Qb6 21. Ned4 Ba6 22.
h6 g6 23. Nd6 Bxd6 24. exd6 Qxd6 25. Rxa5 e5 26. Nf5 Nd3+ 27. Qxd3 Bxd3 28. Nxd6
Rxa5 29. fxe5 Ra2 30. Rh3 Rg2 31. Bc1 Ba6 32. Bf4 Ra8 33. Rh2 Rg4 34. Be3 Bd3
35. Rd2 Ra1+ 36. Rd1 Rxd1+ 37. Kxd1 Rg2 38. Bc5 Rg4 39. Ne8 Rf4 40. Nf6+ Rxf6
41. gxf6 g5 42. Kd2 Bf5 43. Ke3 Be6 44. b4 Bd7 45. Kf3 Kh8 46. Bf8 Kg8 47. Bg7
Bg4+ 48. Ke3 Bd7 49. Kd4 Bc6 50. Kc5 1-0

[Event "8th Sunway Sitges 2021"]
[Site "Sitges ESP"]
[Date "2021.12.15"]
[Round "3.56"]
[White "Sharan, Rao"]
[Black "Ali, Muhammad Lutfi"]
[Result "1/2-1/2"]
[BlackTitle "IM"]
[WhiteElo "2179"]
[BlackElo "2399"]
[WhiteFideId "5073464"]
[BlackFideId "7103743"]
[EventDate "2021.12.13"]

1. Nf3 g6 2. d4 Bg7 3. b3 c5 4. Bb2 cxd4 5. Nxd4 Nf6 6. e3 O-O 7. Be2 d5 8. O-O
Re8 9. c4 e5 10. Nf3 Nc6 11. Na3 d4 12. exd4 exd4 13. Nb5 Nh5 14. Nfxd4 Nf4 15.
Bf3 Ne5 16. Bc1 Nxf3+ 17. Qxf3 Ne2+ 18. Nxe2 Bxa1 19. Nbc3 Qa5 20. Bh6 Bxc3 21.
Nxc3 Qf5 22. Qd1 Qe5 23. Nd5 Bf5 24. f4 Qh8 25. Bg5 Qb2 26. Rf2 Bg4 27. Rxb2
Bxd1 28. Nf6+ Kg7 29. Nxe8+ Rxe8 30. Rd2 Bg4 31. h3 Re2 32. Rxe2 Bxe2 33. Bd8
Bd3 34. a3 f5 35. Kf2 Kf7 36. Ke3 Bf1 37. Kf2 Bd3 38. Ke3 Bf1 39. g4 Bxh3 40. g5
Ke6 41. Kd4 Kd7 42. Bf6 Kc6 43. Ke5 Bg4 44. Be7 Bd1 45. b4 b5 46. c5 a6 47. Kf6
Kd7 48. Bd6 Bf3 49. Kg7 Ke8 50. Bb8 Bc6 51. Kf6 Kd7 52. Ke5 Be4 53. c6+ Kxc6 54.
Ke6 Bd5+ 55. Ke7 Bb3 56. Kd8 1/2-1/2

[Event "8th Sunway Sitges 2021"]
[Site "Sitges ESP"]
[Date "2021.12.15"]
[Round "3.57"]
[White "Papadiamandis, Elliot"]
[Black "Varshini, V"]
[Result "1-0"]
[WhiteTitle "FM"]
[BlackTitle "WGM"]
[WhiteElo "2396"]
[BlackElo "2165"]
[WhiteFideId "36074160"]
[BlackFideId "5091241"]
[EventDate "2021.12.13"]

1. e4 c5 2. Nf3 d6 3. d4 cxd4 4. Nxd4 Nf6 5. Nc3 a6 6. Bg5 e6 7. f4 Be7 8. Qf3
Qc7 9. O-O-O Nbd7 10. g4 b5 11. Bxf6 Nxf6 12. g5 Nd7 13. f5 Bxg5+ 14. Kb1 Ne5
15. Qh5 Qd8 16. h4 Bf6 17. fxe6 O-O 18. Bh3 fxe6 19. Bxe6+ Kh8 20. Nd5 Bb7 21.
Rhf1 Qe8 22. Qe2 Bxd5 23. Bxd5 Rb8 24. Ne6 Rf7 25. h5 Re7 26. Nf4 Bg5 27. Nh3
Bh6 28. Rf5 Nc4 29. Bxc4 Rxe4 30. Rf8+ Qxf8 31. Qxe4 bxc4 32. Qxc4 Qf3 33. Qd3
Qxd3 34. Rxd3 Rb6 35. Nf2 Kg8 36. c4 Bf4 37. Kc2 Be5 38. b3 g6 39. h6 Kf7 40.
Rf3+ Ke7 41. Kd3 Rb8 42. Ke4 a5 43. Kd5 g5 44. Rf5 Rg8 45. Ng4 Bf4 46. Ke4 Bd2
47. Rd5 Bb4 48. Rb5 Ke6 49. Rb7 Rf8 50. Ne3 Rf4+ 51. Kd3 Rf7 52. Rb5 Bc5 53. Nd5
g4 54. Rb8 g3 55. Rg8 Bf2 56. Ke4 Be1 57. a3 Bf2 58. b4 axb4 59. axb4 Be1 60. b5
Bf2 61. b6 Rb7 62. Rg7 Rxg7 63. hxg7 Kf7 64. Kf3 Kxg7 65. Nc3 1-0

[Event "8th Sunway Sitges 2021"]
[Site "Sitges ESP"]
[Date "2021.12.15"]
[Round "3.58"]
[White "Knudsen, Simon"]
[Black "Domingo Nunez, Ruben"]
[Result "0-1"]
[BlackTitle "FM"]
[WhiteElo "2171"]
[BlackElo "2395"]
[WhiteFideId "12985546"]
[BlackFideId "22245570"]
[EventDate "2021.12.13"]

1. e4 c5 2. Nf3 e6 3. b3 b6 4. Bd3 Bb7 5. O-O d6 6. Bb2 Nd7 7. Re1 Ngf6 8. a4 a6
9. Na3 e5 10. c3 Be7 11. Bc2 O-O 12. d4 cxd4 13. cxd4 d5 14. exd5 e4 15. Nd2 Bb4
16. d6 Re8 17. Nac4 b5 18. Ne5 Nb6 19. axb5 axb5 20. Rxa8 Qxa8 21. Qe2 Rc8 22.
Bb1 Qa5 23. Rd1 Bxd6 24. Nxe4 Bxe4 25. Bxe4 Nxe4 26. Qxe4 Qa2 27. Qb7 Qxb3 28.
Re1 Bxe5 29. dxe5 Qxb2 30. Qxb6 Qxe5 31. Qa5 Qc5 32. g3 h5 33. Rb1 Rb8 34. h4
Qd5 35. Qa7 Rc8 36. Qb6 Rc6 37. Qb8+ Kh7 38. Qe8 Re6 39. Qb8 Re5 40. Qb6 Qd3 41.
Ra1 Qc3 42. Rb1 Re1+ 43. Rxe1 Qxe1+ 44. Kg2 Qe4+ 45. Kf1 b4 46. Qb5 g6 47. Qd7
Qc4+ 0-1

[Event "8th Sunway Sitges 2021"]
[Site "Sitges ESP"]
[Date "2021.12.15"]
[Round "3.59"]
[White "Gatineau, Yovann"]
[Black "Atanasov, Anthony"]
[Result "1/2-1/2"]
[WhiteTitle "IM"]
[BlackTitle "FM"]
[WhiteElo "2384"]
[BlackElo "2162"]
[WhiteFideId "26028999"]
[BlackFideId "2623897"]
[EventDate "2021.12.13"]

1. d4 Nf6 2. Nf3 g6 3. c4 Bg7 4. Nc3 d5 5. cxd5 Nxd5 6. e4 Nxc3 7. bxc3 c5 8.
Be3 Qa5 9. Qd2 Nc6 10. Rb1 a6 11. Rc1 cxd4 12. cxd4 Qxd2+ 13. Kxd2 e6 14. Bd3
O-O 15. Rc5 Rd8 16. Rb1 Bf8 17. Rc4 Bd7 18. Bg5 b5 19. Rc2 Rdc8 20. Rd1 f5 21.
Ke2 Nb4 22. Rxc8 Rxc8 23. Ne5 fxe4 24. Bxe4 Nxa2 25. Bd2 Be8 26. Ra1 Nb4 27.
Bxb4 Bxb4 28. Rxa6 Bc3 29. Kd3 b4 30. Rxe6 Bb5+ 31. Ke3 Rd8 32. d5 b3 33. f4 Bb4
34. Kd4 Rc8 35. Nc6 b2 36. Bb1 Bxc6 37. Rxc6 Rxc6 38. dxc6 Bd6 39. g3 Kf7 40.
Kc3 Ke6 41. Ba2+ Kf6 42. Kxb2 g5 43. fxg5+ Kxg5 44. Be6 h5 45. Bh3 h4 46. g4
Bxh2 47. Kc3 Kf6 48. Kc4 Bg3 49. Kb5 Ke7 50. Kb6 Kd8 51. Kb7 Bf4 52. Bg2 Be5 53.
Bd5 h3 54. g5 h2 55. g6 Ke7 56. g7 h1=Q 57. g8=Q Qb1+ 58. Bb3 Qf5 59. Qd5 Kf6
60. Qd8+ Kg6 61. Qg8+ Kh6 62. Bc2 Qf6 63. Qh7+ Kg5 64. Bd1 Qg6 65. Qe7+ Qf6 66.
Qd7 Kh6 67. Bb3 Qg7 68. Bf7 Qf6 69. c7 Bxc7 70. Qxc7 Qb2+ 71. Kc8 Qh8+ 72. Kd7
Qd4+ 73. Kc8 Qh8+ 74. Kb7 Qb2+ 75. Ka6 Qf6+ 76. Kb5 Qb2+ 77. Ka4 Qd4+ 78. Bc4
Qa1+ 79. Kb4 Qb1+ 80. Bb3 Qe1+ 81. Ka3 Qa1+ 82. Ba2 Qf6 83. Qh2+ Kg7 84. Qg3+
Kh6 85. Qh3+ Kg7 86. Qg4+ Kh6 87. Qh3+ Kg7 88. Qg3+ Kh6 89. Bc4 Qa1+ 90. Kb4 Qd4
91. Kb5 Qf6 92. Bd5 Qb2+ 93. Kc5 Qf6 94. Qh2+ Kg7 95. Be4 Qe7+ 96. Kd4 Qd8+ 97.
Kc4 Qc8+ 98. Kd3 Qa6+ 99. Ke3 Qh6+ 100. Qf4 Qxf4+ 101. Kxf4 1/2-1/2

[Event "8th Sunway Sitges 2021"]
[Site "Sitges ESP"]
[Date "2021.12.15"]
[Round "3.60"]
[White "Fanninger, Leon"]
[Black "Sorensen, Hampus"]
[Result "0-1"]
[BlackTitle "IM"]
[WhiteElo "2160"]
[BlackElo "2379"]
[WhiteFideId "1649400"]
[BlackFideId "8703884"]
[EventDate "2021.12.13"]

1. Nf3 d5 2. g3 Nf6 3. Bg2 c6 4. d4 Bf5 5. c4 e6 6. Nc3 h6 7. Qb3 Qb6 8. c5 Qc7
9. Bf4 Qc8 10. Nd2 Be7 11. e4 Bh7 12. O-O O-O 13. Rfe1 Re8 14. Qd1 b5 15. e5
Nfd7 16. h4 a5 17. Bf1 Nf8 18. h5 Nbd7 19. Nf3 f6 20. exf6 Bxf6 21. Bd3 Bxd3 22.
Qxd3 e5 23. Bxe5 Bxe5 24. Nxe5 Nxe5 25. Rxe5 Rxe5 26. dxe5 Qe8 27. Re1 b4 28.
Na4 Qxh5 29. f4 Ne6 30. Kg2 Rf8 31. Rf1 Rf5 32. Rf3 Qg4 33. Qf1 Rh5 34. Nb6 Nxc5
35. f5 Ne4 0-1

[Event "8th Sunway Sitges 2021"]
[Site "Sitges ESP"]
[Date "2021.12.15"]
[Round "3.61"]
[White "Fisabilillah, Ummi"]
[Black "Heinemann, Josefine"]
[Result "1/2-1/2"]
[WhiteTitle "WIM"]
[BlackTitle "WGM"]
[WhiteElo "2159"]
[BlackElo "2369"]
[WhiteFideId "7104804"]
[BlackFideId "12900460"]
[EventDate "2021.12.13"]

1. e4 c5 2. Nf3 d6 3. c3 Nf6 4. Bd3 g6 5. O-O Bg7 6. Bc2 O-O 7. h3 Nc6 8. d4 Qc7
9. Re1 Nd7 10. Be3 a6 11. Nbd2 b5 12. Nf1 Bb7 13. Rc1 a5 14. Qd2 e5 15. Bh6 Nb6
16. Bd3 c4 17. Bc2 Rfe8 18. Ng3 f6 19. Be3 a4 20. a3 Rad8 21. d5 Ne7 22. Nh2 Rf8
23. Bh6 Bxh6 24. Qxh6 Kh8 25. Nf3 Ng8 26. Qd2 Nd7 27. Rf1 Nc5 28. Rcd1 Qg7 29.
Nh2 Qh6 30. f4 Bc8 31. Rf2 Ne7 32. Rdf1 Kg8 33. Qe2 Qh5 34. Qe3 Qh6 35. Qe2 Qh4 1/2-1/2